Propuesta de reestructuración de las carreras en ciencias agrícolas de la Universidad Rafael Landívar

Propuesta de reestructuración de ls planes de estudio en las carreras agrícolas que imparte el Instituto de Ciencias Ambientales y Tecnología agrícola de la Universidad Rafael Landivar de Guatemala - Presenta un plan curricular para la formación de profesionales en ciencias agrícolas, así como los p...

Повний опис

Збережено в:
Бібліографічні деталі
Співавтор: Universidad Rafael Landívar. Instituto de Ciencias Ambientales y Tecnología Agrícola
Формат: Текст
Мова:Spanish
Опубліковано: Guatemala: Universidad Rafael Landívar
Теги: Додати тег
Немає тегів, Будьте першим, хто поставить тег для цього запису!

MARC

LEADER 00000 a a2200000 04500
001 20544
003 cru CIDCACS/IIS
005 20231101133852.0
008 231101b |||||||| |||| 00| 0 spa d
040 |c cru CIDCACS/IIS 
090 |a 086400  
110 |a Universidad Rafael Landívar. Instituto de Ciencias Ambientales y Tecnología Agrícola  
245 |a Propuesta de reestructuración de las carreras en ciencias agrícolas de la Universidad Rafael Landívar  
260 |a Guatemala:   |b Universidad Rafael Landívar  
300 |a 35 p.  
520 |a Propuesta de reestructuración de ls planes de estudio en las carreras agrícolas que imparte el Instituto de Ciencias Ambientales y Tecnología agrícola de la Universidad Rafael Landivar de Guatemala - Presenta un plan curricular para la formación de profesionales en ciencias agrícolas, así como los planes de estudio para que la universidad prosiga el nivel intermedio de formación de técnicos agrícolas, especialmente e las áreas de producción vegetal y riegos. Hace la observación de que dicho plan contempla la opción de continuidad de estudios a nivel de la licenciatura. Incluye dentro de los planes, el área de conocimientos sobre conservación y uso racional de los recursos naturales y una orientación al campo de las ciencias ambientales  
942 |2 z  |c LI 
999 |c 1153  |d 1153